| 000 | 00555nam a2200181 i 4500 | ||
|---|---|---|---|
| 001 | 61577 | ||
| 003 | ES-MaACL | ||
| 005 | 20230906164508.0 | ||
| 007 | t| | ||
| 008 | 031112s1965 sp ||||1| spa d | ||
| 245 | 0 | 0 |
_aExploración funcional del riñón / _cpor J. Hamburger...[et al.] ; [traducida por A. Martínez Sauret]. |
| 250 | _a[1ª ed.]. | ||
| 260 |
_aBarcelona : _bElicien, _c[1965] |
||
| 300 |
_a139 p. : _bil. ; _c22 cm. |
||
| 700 | 1 |
_aHamburger, J. _961640 |
|
| 700 | 1 |
_aMartínez Sauret, A. _978421 |
|
| 852 |
_aES-MaACL _jC-26379 _bR.55361 |
||
| 999 |
_c61577 _d61577 |
||